Priloženija grupp Li k differencial'nym uravnenijam

Enregistré dans:
Détails bibliographiques
Auteur principal: Olver, Peter J.
Format: Livre
Langue:russe
Publié: Moskva Mir 1989
Édition:1. izd.
Tags: Ajouter un tag
Pas de tags, Soyez le premier à ajouter un tag!

MARC

LEADER 00000nam a2200000 4500
001 c033481
005 20250519121359.6
041 0 |a rus 
044 |a RU 
245 1 0 |a Priloženija grupp Li k differencial'nym uravnenijam  |c Peter J. Olver ; [Z angl. prel.] I.G. Ščerbak 
250 |a 1. izd. 
264 1 |a Moskva  |b Mir  |c 1989 
300 |a 637 s. 
100 1 |a Olver, Peter J.